000 00648nam a2200241Ia 4500
003 OSt
005 20221005073216.0
006 a|||||r|||| 00| 0
007 ta
008 221004b |||||||| |||| 00| 0 eng d
024 _a29671
037 _cTextual
040 _aCRL
_cCRL
_beng
041 _2eng
_aeng
082 _aK96.2, N3 RR
100 _aGrewal Bikram
_9607831
245 0 _aBirds of India, Bangladesh, Nepal, Pakistan and Sri Lanka
260 _aNew Delhi
_bGuide Book
_c1993
300 _a190p
_ccm.
650 _aZOOLOGY
942 _hK96.2, N3 RR
_cTEXL
_2cc
999 _c980763
_d980763